| 000 | 00512nam a2200181Ia 4500 | ||
|---|---|---|---|
| 005 | 20230714110052.0 | ||
| 008 | 131103s9999 xx 000 0 und d | ||
| 040 | _aLoreto College | ||
| 041 | _aEnglish | ||
| 082 |
_aF _bADA |
||
| 100 | _aAdamson,Joy | ||
| 245 |
_aLiving Free _b the story of Elsa and her cubs _cJoy Adamson;introduction by Sir Julian Huxley |
||
| 260 |
_aLondon _bCollins/Fontana Books _c1961 |
||
| 300 |
_a192 p. _b illus. |
||
| 650 | _aFiction in English | ||
| 850 | _aLCLIB | ||
| 942 | _cBK | ||
| 999 |
_c16124 _d66603 |
||